000 00423 a2200157 4500
003 OSt
005 20180116182822.0
008 160425b xxu||||| |||| 00| 0 eng d
040 _c0
082 _a332.1097671
_bMuhammad Akram Khan
100 _aMuhammad Akram Khan
245 _aIslamic Banking Pakistan
_bThe Future Path
_cMuhammad Akram Khan
260 _c1992
300 _a95
942 _aNBS
_cBK
_k332.1095491 AKR
_2ddc
999 _c346572
_d346572